Harry Potter Characters By Movie-Half-Blood Prince - Statistics

General Stats
  • This quiz has been taken 2 times
  • The average score is 12 of 25
Answer Stats
Screen Time Answer % Correct
22:18 Albus Dumbledore
100%
8:18 Draco Malfoy
100%
1:07:00 Harry Potter
100%
20:00 Hermione Granger
100%
21:48 Ron Weasley
100%
4:18 Tom Marvalo Riddle/Lord Voldemort
100%
2:48 Arthur Weasley
50%
8:48 Ginny Weasley
50%
3:18 Luna Lovegood
50%
3:48 Minerva Mcgonagall
50%
1:18 Molly Weasley
50%
2:48 Narcissa Malfoy
50%
1:30 Neville Longbottom
50%
1:48 Nymphadora Tonks
50%
2:00 Remus Lupin
50%
4:00 Rubeus Hagrid
50%
9:18 Severus Snape
50%
3:48 Bellatrix Lestrange
0%
1:00 Blaise Zabini
0%
1:48 Cormac Mclaggen
0%
1:18 Fenrir Greyback
0%
18:00 Horace Slughorn
0%
1:00 Katie Bell
0%
3:30 Lavender Brown
0%
1:00 Romilda Vane
0%
No matching quizzes found
Score Distribution
Percent of People with Each Score
Percentile by Number Answered
Your Score History
You have not taken this quiz